Missing Word: 7 Wonders of the World Quiz Stats

 Plays Quiz Updated Jan 24, 2018

Score 0/21 Timer 05:00
0 Plays Today
% Correct
State
94.8%
Bridge
93.4%
Barrier
92.3%
Pyramid
91.4%
Gardens
89.5%
Panama
83.4%
Canyon
78.2%
Tower
77.6%
Aurora
76.3%
Everest
65.5%
Rhodes
63.8%
% Correct
Victoria
58.8%
Alexandria
52%
Temple
40.8%
Channel
35%
Olympia
24.5%
Mausoleum
22.8%
Harbor
10.2%
Volcano
8.9%
Dam
8.2%
Delta
4%

Today's Daily Dose

Missing Word
Wicked Songs

Word Ladder
Blue Ivies

Get the Picture
Green on the Flag?

You're not logged in!

Compare scores with friends on all Sporcle quizzes.
OR
Log In

You Might Also Like...

Show Comments

Extras

Top Quizzes Today


Score Distribution

Your Account Isn't Verified!

In order to create a playlist on Sporcle, you need to verify the email address you used during registration. Go to your Sporcle Settings to finish the process.

Report this User

Report this user for behavior that violates our Community Guidelines.

Details: